| 000 | 00482nam a2200097Ia 4500 | ||
|---|---|---|---|
| 008 | 180130s9999 xx 000 0 und d | ||
| 245 |
_cMircea, Marinela; Ghilic-Micu, Bogdan; Stoica, Marian _aAn agile architecture framework that leverages the strengths of business intelligence, decision management and service orientation |
||
| 260 | _c2015 | ||
| 300 | _aBook title: Business intelligence for business development--Acession number C20755; pages 15-32 | ||
| 650 | _aBUSINESS DEVELOPMENT | ||
| 999 |
_c354493 _d354493 |
||